000
00295nam a2200145Ia 4500
100
_a
Varughese/Suma
942
_c
BK
366
_f
20
245
_a
Travelling light
260
_b
Life positive
_c
2009
082
_a
808.83
_b
VAR
300
_a
170
546
_a
ENGLISH
_c
Computers
999
_c
32902
_d
32902